Who sings this song - Statistics

General Stats
  • This quiz has been taken 110 times
    61 since last reset
  • The average score is 39 of 100
Answer Stats
Hint Answer % Correct
Diamonds Rhianna
82%
Rolling in the deep Adele
79%
Call me maybe Carly Rae Jepsen
72%
Counting Stars OneRepublic
72%
Dancing Queen ABBA
67%
Take me to church Hozier
67%
Save your tears The Weeknd
67%
I gotta feeling Black eyed peas
64%
Africa TOTO
64%
Locked out of heaven Bruno Mars
62%
I'm still standing Elton John
62%
Yellow Coldplay
59%
Mocking bird Eminem
59%
Party in the USA Miley Cyrus
59%
Take on me A-ha
56%
Radioactive Imagine Dragons
56%
Shake it off Taylor Swift
56%
Dream on Aerosmith
54%
Summer 'o' 69 Bryan Adams
54%
Still D.R.E. Dr Dre
54%
Don't stop believing Journey
54%
Wonderwall Oasis
54%
Cheap thrills Sia
54%
Back in Black AC/DC
51%
Single ladies Beyonce
51%
Stitches Shawn Mendes
51%
I want it that way Backstreet boys
49%
Don't start now Dua lipa
49%
Bring me to life Evanescence
49%
Everybody wants to rule the world Tears for fears
49%
Mr Brightside The killers
49%
Get lucky Daft punk
46%
Castle on the hill Ed Sheeran
46%
Dark Horse Katy Perry
46%
Tik tok Kesha
46%
Hey soul sister Train
46%
Gimme more Britney Spears
44%
In the end Linkn Park
44%
Like a virgin Madonna
44%
Uptown girl Billy Joel
41%
Cake by the ocean DNCE
41%
Humble Kendrick Lamar
41%
Maps Maroon 5
41%
So what Pink
41%
All star Smash mouth
41%
Eye of the tiger Survivor
41%
Riptide Vance Joy
41%
YMCA Village people
41%
Wake me up Before you go-go Wham!
41%
What's going on 4 non blondes
38%
Do i wanna know? Artic monkeys
38%
Levels Avicii
38%
Hotel California Eagles
38%
Sexyback Justin Timberlake
38%
Gods Plan Drake
36%
Down under Men at work
36%
Ride Twenty one pilots
36%
Feel it still Portugal. The man
33%
Call me Blonde
31%
You give love a bad name Bon Jovi
31%
My songs know what you did in the dark Fallout boy
31%
Knocking on heavens door Guns 'n' roses
31%
Party rock anthem LMFAO
31%
Sweet home Alabama Lynyrd Skynyrd
31%
Drop it like its hot Snop dogg
31%
Zombie The Cranberries
31%
Shut up and Dance WALK THE MOON
31%
Scream and shout Will.i.am
31%
Paranoid Black sabbath
28%
Sex on fire Kings of Leon
28%
Hey ya OutKast
28%
California Love Tu Pac
28%
Yeah! Usher
28%
Nothing else matters Metallica
26%
I want to hold your hand The Beetles
26%
Jump Van Halen
26%
Rewrite the stars Zendaya
26%
Crazy little thing called love Queen
23%
Can't stop Red Hot Chili Peppers
23%
Best day of my life American authors
21%
Down with the sickness Disturbed
21%
A million dreams Hugh Jackman
21%
It was a good day Icecube
21%
Need you tonight INXS
21%
The way your making me feel Michael Jackson
21%
Lollipop Mika
21%
How you remind me Nickleback
21%
F*** tha Police N.W.A.
21%
Seven nation army The white strips
21%
Black hole sun Soundgarden
18%
500 miles The proclaimers
18%
(Simply) the best Tina Turner
18%
What's my age again Blink-182
15%
Johnny be good Chuck Berry
15%
When doves cry Prince
15%
Give me everything Pitbull
13%
Every rose has its thorns Poison
13%
Boom boom boom boom Vengaboys
10%
Stupid love Lady Gaga
8%
Dragula Rob Zombie
5%
No matching quizzes found
Score Distribution
Percent of People with Each Score
Percentile by Number Answered
Your Score History
You have not taken this quiz since the last reset